000
00494nam a2200133Ia 4500
008
100328s9999 xx 000 0 und d
082
_b
5771
100
_a
वैद्य व्दारकानाथ गोविंद
245
_a
धर्मपर लेख व व्याख्याने
260
_b
---
630
_a
धर्मपर लेख व व्याख्याने
730
_a
धर्मपर लेख व व्याख्याने
942
_c
BOOK
999
_c
501747
_d
501744